000 00431cam a22001337a 4500
008 180718b1977 xxu||||| |||| 00| 0 eng d
082 _aV43x42 Un3
245 _aWater industry in England and wales : the next steps
_cby Her Majesty's
260 _aLondon
_bHer Majesty's
_c1977
300 _aii,24p
650 _aWater-supply --Wales --Bibliography.
650 _aWater-supply --England --Bibliography
700 _aU.K.Her Majesty's
999 _c415154
_d415154